RTT 2010. Research in Telecommunication Technology : 12th International Conference. Velké Losiny, Czech Republic, 8.- 10.9.2009 /

Gespeichert in:
Bibliographische Detailangaben
Weitere Verfasser: Skapa, Jan (Herausgegeben von), Vozňák, Miroslav (Herausgegeben von)
Format: Buch
Sprache:Englisch
Veröffentlicht: Ostrava : VŠB - Technical University of Ostrava, 2010
Schlagworte:
Tags: Tag hinzufügen
Keine Tags, Fügen Sie das erste Tag hinzu!

MARC

LEADER 00000nam a22000003a 4500
001 stu211054
005 20241030103146.2
008 100920s2010----xr------------------eng-d
020 |a 978-80-248-2261-7 
040 |a STU  |b slo 
041 0 |a eng 
044 |a xr 
100 1 |a Skapa, Jan  |4 edt 
245 1 |a RTT 2010. Research in Telecommunication Technology :  |b 12th International Conference. Velké Losiny, Czech Republic, 8.- 10.9.2009 /  |c Ed.:Skapa, J., Vozňák, M. 
260 |a Ostrava :  |b VŠB - Technical University of Ostrava,  |c 2010 
300 |a CD-ROM 
650 7 |a Telekomunikácie  |2 stusub 
700 1 |a Vozňák, Miroslav  |4 edt 
996 |b 284EO00240  |c E*O-240  |l EE0102  |s P  |a 0  |w stu211054_0001